000
00496nam a2200169Ia 4500
008
110201s9999 xx 000 0 und d
082
_b
B559
_a
K 379
100
_a
खरे शकुंतला
245
_a
जीवन मरण
260
_b
शशीदीप प्रकाशन
365
_b
22
600
_a
खरे शकुंतला
630
_a
जीवन मरण
700
_a
खरे शकुंतला
730
_a
जीवन मरण
942
_c
BOOK
999
_c
828017
_d
828014